000 01884nam0a2200313 i 4500
001 RU\NLR\BIBL_A\012094712
005 20260408212454.0
035 _a(NLR Aleph) 012094712
090 _a11873007
_c11873007
100 _a20190916d2019 km y0rusy50 ca
101 0 _arus
102 _aRU
105 _aachbz|||000zc
200 1 _aСвирлаг: цитаты, воспоминания, письма, документы
_f[Межрегиональная конференция "Свирские новомученики в истории Русской православной церкви", Санкт-Петербург, 4 июня 2019 г.
_gавтор-составитель: Петр Васильев]
210 _aСанкт-Петербург
_c[б. и.]
_d2019
215 _a[4], 184 с.
_cил., портр., факс., к.
_d21
300 _aБез тит. л. Описано по обл.
601 0 2 _aСвирский исправительно-трудовой лагерь ОГПУ
_92425497
_3RU\NLR\AUTH\6601662558
686 _aТ3(2)7-3
686 _aХ628.402.11
702 1 _4220
_7ca
_8rus
_aВасильев
_bП. А.
_cжурналист, краевед, писатель
_f1967-
_gПетр Александрович
_9166317
_3RU\NLR\AUTH\770166364
711 1 2 _a"Свирские новомученики в истории Русской православной церкви", межрегиональная конференция
_eСанкт-Петербург
_f2019
_9678351
_3RU\NLR\AUTH\880509064
712 0 2 _4570
_aСвирский исправительно-трудовой лагерь ОГПУ
_9678348
_3RU\NLR\AUTH\880509062
942 _cBOOK
980 _aNBR